[Event "BCF-ch Week2 AM op"]
[Site "Aberystwyth"]
[Date "2014.07.31"]
[Round "4"]
[White "Holt, David N"]
[Black "Schmerwitz, Reinhard"]
[Result "1/2-1/2"]
[WhiteElo "1680"]
[BlackElo "1848"]
[PlyCount "113"]
[EventDate "2014.07.28"]
[EventType "swiss"]
[EventRounds "5"]
[EventCountry "WLS"]
[SourceTitle "EXT 2017"]
[Source "ChessBase"]
[SourceDate "2016.10.25"]
[SourceVersion "1"]
[SourceVersionDate "2016.10.25"]
[SourceQuality "1"]

1. e4 c5 2. Nc3 e6 3. g3 d5 4. d3 dxe4 5. Nxe4 Nf6 6. Bg2 Be7 7. Ne2 Nc6 8. 0-0 0-0 9. c3 e5 10. Be3 Nxe4 11. dxe4 Be6 12. Qc2 Qc7 13. b3 Rad8 14. Rad1 a6 15. Rxd8 Rxd8 16. Rd1 b5 17. Rxd8+ Qxd8 18. Kf1 Qd7 19. Nc1 c4 20. b4 Bh3 21. f3 Bxg2+ 22. Kxg2 Kf8 23. Qd2 Ke8 24. Qxd7+ Kxd7 25. g4 Bh4 26. Ne2 Be7 27. a3 a5 28. Bd2 axb4 29. axb4 g6 30. g5 f6 31. gxf6 Bxf6 32. Kg3 Nd8 33. h4 Ne6 34. Kh3 Ke7 35. Kg4 Kf7 36. h5 Ng7 37. hxg6+ Kxg6 38. f4 h5+ 39. Kg3 exf4+ 40. Nxf4+ Kf7 41. Nd5 Bd8 42. Kf3 Ne6 43. Be3 Kg6 44. Bd2 Bg5 45. Be1 Bd8 46. Bd2 Ng5+ 47. Bxg5 Kxg5 48. Nf4 Be7 49. e5 Kf5 50. Nxh5 Kxe5 51. Nf4 Bxb4 52. cxb4 Kd4 53. Ke2 c3 54. Kd1 Kc4 55. Kc2 Kxb4 56. Nd5+ Kc4 57. Nxc3 1/2-1/2

[Event "BCF-ch Week2 AM op"]
[Site "Aberystwyth"]
[Date "2014.07.29"]
[Round "2"]
[White "Holt, David N"]
[Black "Taylor, Nathan"]
[Result "1/2-1/2"]
[WhiteElo "1680"]
[BlackElo "1934"]
[PlyCount "51"]
[EventDate "2014.07.28"]
[EventType "swiss"]
[EventRounds "5"]
[EventCountry "WLS"]
[SourceTitle "EXT 2017"]
[Source "ChessBase"]
[SourceDate "2016.10.25"]
[SourceVersion "1"]
[SourceVersionDate "2016.10.25"]
[SourceQuality "1"]

1. e4 d6 2. d4 g6 3. Nc3 Bg7 4. Be3 Nf6 5. f3 0-0 6. Bd3 e5 7. Nge2 Nc6 8. 0-0 Ne8 9. d5 Ne7 10. Ng3 f5 11. exf5 gxf5 12. Nh5 Bh8 13. f4 e4 14. Bc4 Nf6 15. Nxf6+ Rxf6 16. Ne2 Rh6 17. c3 Ng6 18. g3 Nf8 19. Rf2 Nd7 20. Kg2 Qe8 21. h3 Nf6 22. Rf1 b5 23. Bb3 a5 24. a4 bxa4 25. Bxa4 Qh5 26. Ng1 1/2-1/2

[Event "BCF-ch Week1 AM op"]
[Site "Aberystwyth"]
[Date "2014.07.22"]
[Round "2"]
[White "Talbot, Mark"]
[Black "Holt, David N"]
[Result "1/2-1/2"]
[WhiteElo "2080"]
[BlackElo "1680"]
[PlyCount "101"]
[EventDate "2014.07.21"]
[EventType "swiss"]
[EventRounds "5"]
[EventCountry "WLS"]
[SourceTitle "EXT 2017"]
[Source "ChessBase"]
[SourceDate "2016.10.25"]
[SourceVersion "1"]
[SourceVersionDate "2016.10.25"]
[SourceQuality "1"]

1. e4 d6 2. d4 g6 3. Nf3 Nf6 4. Nc3 Bg7 5. Bg5 a6 6. a4 Nc6 7. Be2 Bg4 8. 0-0 0-0 9. Qd2 Qc8 10. d5 Ne5 11. Nxe5 Bxe2 12. Nxg6 hxg6 13. Qxe2 Qg4 14. Qxg4 Nxg4 15. f3 Bd4+ 16. Kh1 Nf2+ 17. Rxf2 Bxf2 18. Bxe7 Rfe8 19. Bf6 Be3 20. Ra3 Bf4 21. Kg1 Be5 22. Bxe5 Rxe5 23. a5 Kg7 24. Kf2 Rh5 25. h3 Rhh8 26. Rb3 Rab8 27. Na4 Kf6 28. Ke3 Ke7 29. c4 f6 30. c5 Kd7 31. Rc3 Ke7 32. c6 Rhc8 33. cxb7 Rxb7 34. Rc6 Ra8 35. Kd3 Kd7 36. Kc4 Rab8 37. Nc3 Rb4+ 38. Kd3 Ra8 39. Kc2 Kd8 40. Ne2 Ra7 41. Kc3 Ra4 42. b4 Rb7 43. Rc4 Ra1 44. Kd2 Kd7 45. Nf4 g5 46. Nd3 Rg1 47. Ne1 Rh1 48. Ke2 Rb8 49. Kf2 Re8 50. Rc6 f5 51. Rxa6 1/2-1/2

[Event "BCF-ch Week1 AM op"]
[Site "Aberystwyth"]
[Date "2014.07.21"]
[Round "1"]
[White "Holt, David N"]
[Black "Eagleton, Greg T"]
[Result "0-1"]
[WhiteElo "1680"]
[BlackElo "2034"]
[PlyCount "118"]
[EventDate "2014.07.21"]
[EventType "swiss"]
[EventRounds "5"]
[EventCountry "WLS"]
[SourceTitle "EXT 2017"]
[Source "ChessBase"]
[SourceDate "2016.10.25"]
[SourceVersion "1"]
[SourceVersionDate "2016.10.25"]
[SourceQuality "1"]

1. e4 c5 2. Nc3 Nc6 3. g3 d6 4. Bg2 g6 5. d3 Bg7 6. Be3 Nf6 7. h3 0-0 8. Qd2 Rb8 9. Bh6 b5 10. Bxg7 Kxg7 11. a3 Bd7 12. Nge2 e6 13. 0-0 Qb6 14. Kh2 a5 15. a4 bxa4 16. Nxa4 Qc7 17. b3 Rb4 18. Nac3 Nd4 19. Na2 Rbb8 20. Nac3 Bc6 21. Nxd4 cxd4 22. Ne2 Rb4 23. Ra2 e5 24. Rfa1 Ra8 25. Nc1 d5 26. c3 dxc3 27. Qxc3 d4 28. Qd2 Nd7 29. Ra3 Nc5 30. R1a2 Qb6 31. Qc2 Bd7 32. Qd1 Be6 33. Qd2 Nxb3 34. Nxb3 Bxb3 35. Rb2 a4 36. f4 f6 37. fxe5 fxe5 38. Bf3 Rb8 39. Bg2 h6 40. Ra1 Qa7 41. Ra3 R4b7 42. h4 Qc5 43. Ra1 a3 44. Rbb1 Bf7 45. Rc1 Qd6 46. Qa5 a2 47. Rxa2 Bxa2 48. Qxa2 Rc7 49. Rd1 Rf8 50. Kg1 Rc3 51. Qa7+ Qc7 52. Qa2 Rc2 53. Qd5 Rxg2+ 54. Kxg2 Qc2+ 55. Kh3 Qxd1 56. Qxe5+ Rf6 57. Qxd4 Qh1+ 58. Kg4 h5+ 59. Kg5 Qc1+ 0-1

[Event "BCF-ch 5-day op AM Week 2"]
[Site "Torquay"]
[Date "2013.08.09"]
[Round "5"]
[White "Kreuzer, Christopher RL"]
[Black "Holt, David N"]
[Result "1/2-1/2"]
[WhiteElo "1934"]
[BlackElo "1738"]
[PlyCount "131"]
[EventDate "2013.08.05"]
[EventType "swiss"]
[EventRounds "5"]
[EventCountry "ENG"]
[SourceTitle "EXT 2023"]
[Source "ChessBase"]
[SourceDate "2022.10.05"]
[SourceVersion "1"]
[SourceVersionDate "2022.10.05"]
[SourceQuality "1"]

1. e4 d6 2. d4 Nf6 3. Nc3 g6 4. Nf3 Bg7 5. Bc4 0-0 6. Qe2 c6 7. Bg5 b5 8. Bd3 b4 9. Nd1 Qa5 10. Bd2 Qb6 11. Ne3 a5 12. 0-0 Nbd7 13. a3 Ba6 14. Bxa6 Qxa6 15. Qxa6 Rxa6 16. axb4 Nxe4 17. bxa5 Nxd2 18. Nxd2 Bxd4 19. c3 Bg7 20. Ra3 Rfa8 21. b4 Kf8 22. Rfa1 Ke8 23. R1a2 d5 24. c4 dxc4 25. Nexc4 Rb8 26. Rb3 e6 27. Kf1 Ke7 28. Ke2 Rb5 29. Rc2 c5 30. bxc5 Rxc5 31. Ne4 Rc7 32. Rb5 f5 33. Ned2 Bd4 34. Ne3 Rca7 35. Nec4 e5 36. Nb3 Ke6 37. Nxd4+ exd4 38. Kd3 Ke7 39. Kxd4 Kd8 40. Kc3 Ra8 41. Kb3 Rc8 42. Rd2 Kc7 43. Rxd7+ Kxd7 44. Nb6+ Kc6 45. Re5 Rb8 46. Kb4 Raxb6+ 47. axb6 Rxb6+ 48. Kc4 Rb2 49. Re7 Rxf2 50. Rxh7 Rxg2 51. Kd4 Kd6 52. Ke3 Ke6 53. Kf3 Ra2 54. h4 Kf6 55. h5 g5 56. Rh6+ Ke5 57. Rg6 Ra3+ 58. Kg2 Kf4 59. h6 Ra8 60. h7 Rh8 61. Rg7 Kg4 62. Kf2 f4 63. Ra7 Kh5 64. Kf3 Kg6 65. Kg4 Rxh7 66. Ra6+ 1/2-1/2

[Event "BCF-ch 5-day op AM Week 2"]
[Site "Torquay"]
[Date "2013.08.08"]
[Round "4"]
[White "Holt, David N"]
[Black "Murrell, Mark RA"]
[Result "1/2-1/2"]
[WhiteElo "1738"]
[BlackElo "1930"]
[PlyCount "80"]
[EventDate "2013.08.05"]
[EventType "swiss"]
[EventRounds "5"]
[EventCountry "ENG"]
[SourceTitle "EXT 2023"]
[Source "ChessBase"]
[SourceDate "2022.10.05"]
[SourceVersion "1"]
[SourceVersionDate "2022.10.05"]
[SourceQuality "1"]

1. e4 c5 2. Nc3 Nc6 3. g3 g6 4. Bg2 Bg7 5. d3 d6 6. Be3 Rb8 7. Qd2 b5 8. Nge2 e6 9. 0-0 b4 10. Nd1 Nge7 11. Bh6 0-0 12. Bxg7 Kxg7 13. c3 e5 14. Ne3 f5 15. f4 Qb6 16. Nc4 Qc7 17. Rac1 Be6 18. fxe5 Bxc4 19. dxc4 Nxe5 20. cxb4 cxb4 21. b3 Qb6+ 22. Qd4 Rf6 23. c5 Qd8 24. cxd6 Qxd6 25. Qxa7 Rbf8 26. Rcd1 Qb6+ 27. Qxb6 Rxb6 28. Nf4 Rc8 29. h3 Rc3 30. Kh2 Rc2 31. Nd5 Nxd5 32. exd5 Ra6 33. Rc1 Rd2 34. Ra1 Ra5 35. Kg1 Raxa2 36. Rxa2 Rxa2 37. Rf4 Ra1+ 38. Kh2 Ra2 39. Kg1 Ra1+ 40. Kh2 Ra2 1/2-1/2

[Event "BCF-ch 5-day op AM Week 2"]
[Site "Torquay"]
[Date "2013.08.06"]
[Round "2"]
[White "Holt, David N"]
[Black "Bryant, Richard BE"]
[Result "0-1"]
[WhiteElo "1738"]
[BlackElo "1934"]
[PlyCount "89"]
[EventDate "2013.08.05"]
[EventType "swiss"]
[EventRounds "5"]
[EventCountry "ENG"]
[SourceTitle "EXT 2023"]
[Source "ChessBase"]
[SourceDate "2022.10.05"]
[SourceVersion "1"]
[SourceVersionDate "2022.10.05"]
[SourceQuality "1"]

1. e4 e6 2. d4 d5 3. Nd2 Nf6 4. e5 Nfd7 5. g3 c5 6. c3 Nc6 7. Nb3 cxd4 8. cxd4 Qb6 9. Ne2 a5 10. a4 Bb4+ 11. Nc3 0-0 12. Bh3 Nd8 13. 0-0 f6 14. exf6 Nxf6 15. Bg2 Bd7 16. Be3 Be8 17. Nc1 Bh5 18. Qb3 Nc6 19. N1e2 Rae8 20. f3 Bf7 21. Bf2 Nd7 22. Qd1 Na7 23. Rc1 Be7 24. f4 Bh5 25. Qd2 Bb4 26. h3 Bf7 27. Kh2 Qd6 28. Rcd1 Nb6 29. b3 Rc8 30. Qe3 Rc6 31. Be1 Rfc8 32. Na2 Bxe1 33. Rfxe1 Rc2 34. Nac1 Rb2 35. Kg1 Qa3 36. Bf3 h5 37. Qe5 Nd7 38. Qg5 Nf6 39. f5 exf5 40. Qxf5 Re8 41. Nf4 Rxe1+ 42. Rxe1 Qb4 43. Rf1 Qxd4+ 44. Kh1 Rf2 45. Bg2 0-1

[Event "British-ch 5-day op AM Week 1"]
[Site "Torquay"]
[Date "2013.08.01"]
[Round "4.11"]
[White "Schmerwitz, Reinhard"]
[Black "Holt, David N"]
[Result "1/2-1/2"]
[WhiteElo "1864"]
[BlackElo "1738"]
[PlyCount "117"]
[EventDate "2013.07.29"]
[EventType "swiss"]
[EventRounds "5"]
[EventCountry "ENG"]
[SourceTitle "EXT 2023"]
[Source "ChessBase"]
[SourceDate "2022.10.05"]
[SourceVersion "1"]
[SourceVersionDate "2022.10.05"]
[SourceQuality "1"]

1. e4 d6 2. d4 Nf6 3. Nc3 g6 4. Be3 Bg7 5. Qd2 c6 6. Bh6 0-0 7. Bxg7 Kxg7 8. Bd3 e5 9. dxe5 dxe5 10. 0-0-0 Qa5 11. Kb1 b5 12. Nf3 Re8 13. h3 b4 14. Ne2 Be6 15. Nc1 Nbd7 16. Qe3 Rab8 17. Ng5 Nc5 18. Nxe6+ Nxe6 19. Bc4 Nc5 20. Nb3 Nxb3 21. Bxb3 Qb6 22. Qxb6 Rxb6 23. f3 Re7 24. g4 Nd7 25. Rd6 Nc5 26. Bc4 Nb7 27. Rd2 Nc5 28. Rhd1 Rbb7 29. Kc1 Rbd7 30. Rxd7 Rxd7 31. Rxd7 Nxd7 32. Kd2 a5 33. c3 Nb6 34. Ba6 c5 35. cxb4 cxb4 36. Bb5 g5 37. Kc2 f6 38. Kb3 Kf7 39. a3 bxa3 40. Kxa3 Ke7 41. b4 axb4+ 42. Kxb4 Kd6 43. Be8 Na8 44. Bf7 Nb6 45. Kb5 Nd7 46. Bg8 h6 47. Bf7 Nc5 48. Kc4 Kc6 49. Be8+ Kd6 50. Bf7 Kc6 51. Bd5+ Kd6 52. Kb5 Nd3 53. Bc4 Nf4 54. Bf1 Ne6 55. Kc4 Nd4 56. Bg2 Ne2 57. Bf1 Nd4 58. Bg2 Ne2 59. Bf1 1/2-1/2

[Event "Buxton e2e4 Major op 06"]
[Site "Buxton"]
[Date "2012.07.01"]
[Round "5"]
[White "Camp, Syringa Lyn"]
[Black "Holt, David N"]
[Result "1/2-1/2"]
[WhiteElo "1702"]
[BlackElo "1742"]
[PlyCount "56"]
[EventDate "2012.06.29"]
[EventType "swiss"]
[EventRounds "5"]
[EventCountry "ENG"]
[SourceTitle "EXT 2014"]
[Source "ChessBase"]
[SourceDate "2013.11.20"]
[SourceVersion "1"]
[SourceVersionDate "2013.11.20"]
[SourceQuality "1"]

1. e4 d6 2. f4 g6 3. Bc4 Nf6 4. Nc3 Bg7 5. Nf3 c6 6. d4 b5 7. Bb3 b4 8. e5 bxc3 9. exf6 Bxf6 10. bxc3 Ba6 11. Kf2 Nd7 12. Rb1 0-0 13. h4 d5 14. g4 Bg7 15. h5 Nf6 16. Nd2 Qd6 17. Qf3 Bc8 18. Rg1 Bxg4 19. Rxg4 Nxg4+ 20. Qxg4 h6 21. Nf3 Kh7 22. Be3 f5 23. Qh3 Rab8 24. Rg1 gxh5 25. Qxh5 Rf6 26. Nh4 Rbf8 27. c4 Qe6 28. c5 Qf7 1/2-1/2

[Event "Buxton e2e4 Major op 06"]
[Site "Buxton"]
[Date "2012.07.01"]
[Round "4"]
[White "Holt, David N"]
[Black "Blackburn, Sandra G"]
[Result "1/2-1/2"]
[WhiteElo "1742"]
[BlackElo "1662"]
[PlyCount "44"]
[EventDate "2012.06.29"]
[EventType "swiss"]
[EventRounds "5"]
[EventCountry "ENG"]
[SourceTitle "EXT 2014"]
[Source "ChessBase"]
[SourceDate "2013.11.20"]
[SourceVersion "1"]
[SourceVersionDate "2013.11.20"]
[SourceQuality "1"]

1. e4 c5 2. Nf3 d6 3. d4 cxd4 4. Nxd4 Nf6 5. Nc3 g6 6. Be2 Bg7 7. 0-0 0-0 8. Be3 Bd7 9. f3 Nc6 10. Nb3 a6 11. a3 Be6 12. Kh1 Nd7 13. Qd2 b5 14. Bh6 Bxb3 15. Bxg7 Kxg7 16. cxb3 Nc5 17. Qd5 Rc8 18. b4 e6 19. Qd1 Nb7 20. Rc1 Qf6 21. Bd3 Ne5 22. f4 Nxd3 1/2-1/2

[Event "Buxton e2e4 Major op 06"]
[Site "Buxton"]
[Date "2012.06.30"]
[Round "2"]
[White "Holt, David N"]
[Black "Price, Andrew"]
[Result "0-1"]
[WhiteElo "1742"]
[BlackElo "1934"]
[PlyCount "104"]
[EventDate "2012.06.29"]
[EventType "swiss"]
[EventRounds "5"]
[EventCountry "ENG"]
[SourceTitle "EXT 2014"]
[Source "ChessBase"]
[SourceDate "2013.11.20"]
[SourceVersion "1"]
[SourceVersionDate "2013.11.20"]
[SourceQuality "1"]

1. e4 c5 2. d4 cxd4 3. c3 dxc3 4. Nxc3 Nc6 5. Bc4 Nf6 6. Nf3 d6 7. 0-0 e6 8. Re1 Be7 9. Bg5 a6 10. Qe2 0-0 11. Rad1 Qc7 12. a3 Bd7 13. Bd3 Ne5 14. Nxe5 dxe5 15. h3 h6 16. Bh4 Bc6 17. Rc1 Rfd8 18. Kh2 Rd7 19. g4 Rad8 20. Bxf6 Bxf6 21. Rcd1 Bh4 22. Rf1 Qb6 23. Kg2 Rd4 24. Qc2 Qc7 25. f3 Qd7 26. Be2 Rd2 27. Rxd2 Qxd2 28. Qxd2 Rxd2 29. Rb1 Kf8 30. Kf1 Ke7 31. b4 Rc2 32. Nd1 Bg5 33. Ra1 Ba4 34. Nf2 Rc1+ 35. Rxc1 Bxc1 36. b5 axb5 37. Nd1 Bxa3 38. Nc3 Bb4 39. Nxb5 Kd7 40. Na7 Kc7 41. Bb5 Bxb5+ 42. Nxb5+ Kb6 43. Nc7 Kxc7 44. Ke2 Kc6 45. Kd3 Kc5 46. h4 Be1 47. h5 Bg3 48. Kc3 Bf4 49. Kd3 Kb4 50. g5 Bxg5 51. Kc2 Kc4 52. Kb2 b5 0-1